Visualizzazione normale
Vista MARC
- Alberione,[James] Giacomo
di Personal Name
Records bibliografici associati: 1
001 - CONTROL NUMBER
- control field: 124
003 - CONTROL NUMBER IDENTIFIER
- control field: IT-RoPau
005 - DATE AND TIME OF LATEST TRANSACTION
- control field: 20130109090400.0
008 - FIXED-LENGTH DATA ELEMENTS
- fixed length control field: 130109|| aca||aabn | a|a d
040 ## - CATALOGING SOURCE
- Original cataloging agency: IT-RoPau
- Transcribing agency: IT-RoPau
100 ## - HEADING--PERSONAL NAME
- Personal name: Alberione,[James] Giacomo
- Fuller form of name: Fondatore Famiglia Paolina
670 ## - SOURCE DATA FOUND
- Source citation: Work cat.: (IT-RoPau): Alberione,[James] Giacomo Fondatore Famiglia Paolina, "ABUNDANTES DIVITIAE GRATIAE SUAE", 1979